01217nab a2200217uuc4500001000800000005001700008008004100025035001200066035002100078040001300099041000800112100004700120245011100167260001000278520045700288650003300745650003100778650002700809700003000836773013300866121933020240412093015.0101007e20101007 spa  a1219330 a(OCoLC)820562755 ccomduadb aspa10aBustamante Arango, Diana Marcela4auteaut10aDiagnostico sobre la atención a la mujer victima de violencia de genero en la ciudad de Santiago de Cali c2010.3 aRESUMEN : En este articulo de investigacion se expone el resultado de un estudio de sondeo realizado a mujeres victimas de violencia de genero, usuarias de instituciones estatales, tales como ICBF, Defensoria, Fiscalia y Procuraduria, con el fin de verificar el nivel de cumplimiento en la aplicacion de la normatividad interna que busca garantizar el ejercicio pleno de los derechos humanos de las mujeres, asi como su derecho de acceso a la justicia. 7aViolencia de género2embne aVíctimas de la violencia 7aDerechos humanos2lemb10aPuertas, Milton4auteaut0 tGuillermo de Ockham : Revista Científica (Cali)gVolumen 08, Número 01, Enero-Junio 2010, p. 11-26w896931z1794192X0324544